For my grandchildren (Record no. 130320)
[ view plain ]
| 000 -LEADER | |
|---|---|
| fixed length control field | 00548nam a22001577a 4500 |
| 008 - FIXED-LENGTH DATA ELEMENTS--GENERAL INFORMATION | |
| fixed length control field | 200207b ||||| |||| 00| 0 eng d |
| 050 ## - LIBRARY OF CONGRESS CALL NUMBER | |
| Classification number | DA566.9.A43 A3 1966 |
| 100 ## - MAIN ENTRY--PERSONAL NAME | |
| Personal name | Alice, Princess |
| 9 (RLIN) | 49420 |
| 245 ## - TITLE STATEMENT | |
| Title | For my grandchildren |
| Remainder of title | some reminiscences of Her Royal Highness Princess Alice |
| Statement of responsibility, etc | Princess Alice |
| 260 ## - PUBLICATION, DISTRIBUTION, ETC. (IMPRINT) | |
| Place of publication, distribution, etc | London |
| Name of publisher, distributor, etc | Evans Brothers Limited |
| Date of publication, distribution, etc | 1966 |
| 300 ## - PHYSICAL DESCRIPTION | |
| Extent | xiii, 306p. ; |
| Dimensions | 23cm. |
| 600 ## - SUBJECT ADDED ENTRY--PERSONAL NAME | |
| Personal name | Alice, Princess |
| 9 (RLIN) | 49420 |
| 650 ## - SUBJECT ADDED ENTRY--TOPICAL TERM | |
| Topical term or geographic name as entry element | Royal houses |
| 9 (RLIN) | 49421 |
| 651 ## - SUBJECT ADDED ENTRY--GEOGRAPHIC NAME | |
| Geographic name | Great Britain |
| General subdivision | Court and courtie |
| 9 (RLIN) | 49422 |
| 942 ## - ADDED ENTRY ELEMENTS (KOHA) | |
| Source of classification or shelving scheme | Library of Congress Classification |
| Item type | Monograph ( Printed materials) |
| Withdrawn status | Lost status | Source of classification or shelving scheme | Damaged status | Not for loan | Collection code | Home library | Current library | Shelving location | Date acquired | Total Checkouts | Full call number | Barcode | Date last seen | Price effective from | Koha item type |
|---|---|---|---|---|---|---|---|---|---|---|---|---|---|---|---|
| Library of Congress Classification | Main Collection | ARRUPE LIBRARY | ARRUPE LIBRARY | Main Collection | 07/02/2020 | DA566.9.A43 A3 1966 | 46600006532 | 07/02/2020 | 07/02/2020 | Monograph ( Printed materials) |